000 00381nam a2200145Ia 4500
008 230711s9999||||xx |||||||||||||| ||und||
041 _aENG
082 _a4
_bBH-C
100 _aBhatnagar,S.C
245 0 _aComputers and information management
250 _a2nd
260 _c1991
_aNew Delhi
_bPrentice-Hall of India Private Limited
650 _aComputer Engineering
942 _cBK
999 _c2559
_d2559